=LDR 00000nam 2200000 4500 =001 INLIS000000000031005 =005 20251031101045 =035 ##$$a 0010-061300000031005 =008 251031###########################0#ind## =041 ##$$a ind =082 ##$$a 028.55 =090 ##$$a 028.55, Dua d =245 1#$$a Seri Komik Islam Kisah Nabi Muhammad Saw. Jilid 1 : $b Leluhur Rasulullah /$c Nur Wahidin =260 ##$$a Jakarta :$b Mizan,$c 2008 =300 ##$$a 228 hlm, : $b ilus ; $c 22 cm =650 #4$$a Bacaan Anak-anak =850 ##$$a NBPNMAT =084 ##$$a 028.55 NUR s =100 #$$a NUR Wahidin =990 ##$$a 0001/BPAP-NTB/2015 =990 ##$$a 12431243